000 00605nam a2200205Ia 4500
005 20250923145326.0
008 008 250917s9999 xx 000 0 eng d
037 _aTextual
040 _aDSWL
_beng
_cDSWL
041 _aeng
_2eng
084 _aYX:5-H4.1, N72
_qDSWL
245 0 _aMother and child health : Delivering Services
_c Ed.by C.D. William
260 _aLondon
_bOxford University Press
_c1972
300 _aviii,164p.
365 _aGBP
_b2 . 2
700 _a D.B. Jelliffe
_9834101
925 _g2 . 2
942 _cTEXL
_hYX:5-H4.1, N72
999 _c1450019
_d1450019